00239nam a2200109Ia 4500008004100000041001200041082001100053100001500064245003800079260000600117650000600123221030s9999 xx 000 0 und d aEnglish a105.23 aY. I. Shah 0aProgramming in C++cby Y. I. Shah c0 aB